000 00641cam a2200229 4500
008 090401t1989 xxu||||| |||| 00| 0 eng d
020 _a0854064478
035 _a(Sirsi) u50213
041 0 _aeng
050 0 4 _a690.15 $2 18
090 _aRICS 1989/80ABCD
100 2 _aDavies, C. R.
245 0 0 _aSingle ply roofing
_badvantages and concerns
260 _aLondon
_bSurveyors Publications
_c1989
300 _a19p.
_c30cm.
350 _a4.95
490 0 _aRICS Occasional Paper
651 4 _aUnited Kingdom
_y
690 _aBUILT ENVIRONMENT-BUILDING ELEMENTS-COMPLETE BUILDING ELEMENTS-ROOFS
942 _n0
948 _c04/03/1997
999 _c92679
_d92679